| Tag |
First Indicator |
Second Indicator |
Subfields |
| LEADER |
00000cam a22000004a 4500 |
| 001 |
in00002004705 |
| 005 |
20220105141813.0 |
| 006 |
m d |
| 007 |
cr cnu---unuuu |
| 008 |
040603s2004 vaua sbf 001 0 eng d |
| 020 |
|
|
|a 0871209845 (electronic bk.)
|
| 035 |
|
|
|a (OCoLC)ocm55538653
|
| 040 |
|
|
|a N$T
|c N$T
|d OCL
|d UtOrBLW
|
| 043 |
|
|
|a n-us---
|
| 049 |
|
|
|a IKMN
|
| 050 |
1 |
4 |
|a LB2831.93
|b .R63 2004eb
|
| 082 |
0 |
4 |
|a 371.2/012
|2 22
|
| 100 |
1 |
|
|a Robbins, Pamela.
|0 http://id.loc.gov/authorities/names/n88077180
|
| 245 |
1 |
4 |
|a The new principal's fieldbook :
|b strategies for success /
|c Pam Robbins and Harvey Alvy.
|
| 264 |
|
1 |
|a Alexandria, Va. :
|b Association for Supervision and Curriculum Development,
|c [2004]
|
| 264 |
|
4 |
|c ©2004
|
| 300 |
|
|
|a xii, 305 pages :
|b illustrations ;
|c 24 cm.
|
| 336 |
|
|
|a text
|b txt
|2 rdacontent
|
| 337 |
|
|
|a computer
|b c
|2 rdamedia
|
| 338 |
|
|
|a online resource
|b cr
|2 rdacarrier
|
| 504 |
|
|
|a Includes bibliographical references (pages 290-295) and index.
|
| 505 |
0 |
|
|a Vision as the compass -- Navigating in "hidden history" -- Lessons learned from previous explorers -- Developing professional learning communities for a productive journey -- Instructional, curricular, and assessment leadership : the helmsman in action -- Improving student learning through supervision and professional development -- Managing human and material resources to promote a thriving organization -- Emotions as a gateway to learning -- Understanding and working with change : new roads and detours -- Policies, full service counseling, and crisis interventions that support students -- The schoolhouse and central office working together -- Parents and the greater community : partnering for student success -- Working with the media -- Balancing professional and personal lives : keeping fit for the journey -- The crucial first steps on the road to success -- Final thought.
|
| 533 |
|
|
|a Electronic reproduction.
|b Boulder, Colo. :
|c NetLibrary,
|d 2004.
|n Available via World Wide Web.
|n Access may be limited to NetLibrary affiliated libraries.
|
| 500 |
|
|
|a Electronic resource.
|
| 650 |
|
0 |
|a First year school principals
|z United States
|v Handbooks, manuals, etc.
|
| 650 |
|
0 |
|a School management and organization
|z United States
|v Handbooks, manuals, etc.
|0 http://id.loc.gov/authorities/subjects/sh2008111263
|
| 655 |
|
7 |
|a Electronic books.
|2 local
|
| 700 |
1 |
|
|a Alvy, Harvey B.
|0 http://id.loc.gov/authorities/names/n95017538
|
| 710 |
2 |
|
|a Association for Supervision and Curriculum Development.
|0 http://id.loc.gov/authorities/names/n79046661
|
| 710 |
2 |
|
|a NetLibrary, Inc.
|0 http://id.loc.gov/authorities/names/no99080690
|
| 776 |
1 |
|
|c Original
|z 087120858X
|w (DLC) 2003027331
|w (OCoLC)53967318
|
| 856 |
4 |
1 |
|u https://proxy.library.tamu.edu/login?url=http://www.netLibrary.com/urlapi.asp?action=summary&v=1&bookid=109036
|z Connect to the full text of this electronic book
|t 0
|
| 994 |
|
|
|a 92
|b IKM
|
| 999 |
|
|
|a MARS
|
| 999 |
f |
f |
|s 3fc1c645-483a-38eb-bff9-d42c03e80d95
|i baae43b0-1f7b-3b19-a612-496740774511
|t 0
|
| 952 |
f |
f |
|a Texas A&M University
|b College Station
|c Electronic Resources
|d Available Online
|t 0
|e LB2831.93 .R63 2004eb
|h Library of Congress classification
|
| 998 |
f |
f |
|a LB2831.93 .R63 2004eb
|t 0
|l Available Online
|